Districts of Syria on a Map - Statistics

General Stats
  • This quiz has been taken 298 times
  • The average score is 27 of 65
Answers on the Map
Answers color-coded by a green-red scale on the quiz's map according to % correct below.
 
Answer Stats
Governorate District % Correct
Damascus Damascus
93%
Rif Dimashq Markaz Rif Dimashq
93%
Homs Homs
81%
Latakia Latakia
78%
Hama Hama
74%
Raqqa Raqqa
74%
Deir ez-Zor Deir ez-Zor
71%
Tartus Tartus
71%
Idlib Idlib
68%
Al-Hasakah Al-Hasakah
63%
Daraa Daraa
61%
As-Suwayda As-Suwayda
53%
Al-Hasakah Qamishli
51%
Aleppo Afrin
50%
Quneitra Quneitra
50%
Rif Dimashq Al-Tall
45%
Latakia Jableh
45%
Homs Tadmur
45%
Tartus Baniyas
43%
Aleppo Manbij
43%
Aleppo A'zaz
42%
Rif Dimashq Duma
42%
Hama Salamiyah
41%
Deir ez-Zor Abu Kamal
39%
Latakia Qardaha
39%
Aleppo Ayn Al-Arab
38%
Hama Masyaf
38%
Rif Dimashq Al-Zabadani
36%
Homs Talkalakh
36%
Aleppo Al-Bab
35%
Homs Ar-Rastan
34%
Rif Dimashq Darayya
34%
Aleppo Jarabulus
34%
Idlib Ma'arrat al-Numan
34%
Hama Al-Suqaylabiyah
33%
Al-Hasakah Ra's al-'Ayn
33%
Tartus Safita
33%
Raqqa Tell Abyad
33%
Al-Hasakah Al-Malikiyah
32%
Homs Al-Qusayr
32%
Idlib Jisr al-Shughur
32%
Deir ez-Zor Mayadin
32%
Aleppo Mount Simeon
32%
Aleppo Safirah
32%
Rif Dimashq Yabrud
32%
Raqqa Al-Thawrah
31%
Hama Mahardah
31%
Daraa Al-Sanamayn
30%
Rif Dimashq An-Nabek
30%
Aleppo Atarib
30%
Tartus Duraykish
30%
Latakia Al-Haffah
29%
Tartus Al-Shaykh Badr
29%
Idlib Arihah
29%
Idlib Harem
29%
Daraa Izra
29%
Rif Dimashq Qatana
29%
As-Suwayda Salkhad
29%
Aleppo Dayr Hafir
28%
Quneitra Fiq
28%
Rif Dimashq Qudsaya
28%
As-Suwayda Shahba
28%
Homs Taldou
28%
Homs Al-Mukharram
27%
Rif Dimashq Al-Qutayfah
27%
No matching quizzes found
Score Distribution
Percent of People with Each Score
Percentile by Number Answered
Your Score History
You have not taken this quiz